| 000 | 00754nam a2200217 a 4500 | ||
|---|---|---|---|
| 005 | 20240924071013.0 | ||
| 008 | 991125s1989 mx 000 0 spa u | ||
| 020 | _a9682922569 | ||
| 035 | _aUPN01000005712 | ||
| 049 | _aSEP | ||
| 050 | 4 |
_aZ674 _bM4.2 no.2 |
|
| 110 | 1 |
_aMéxico. _bSecretaría de Educación Pública |
|
| 245 | 1 | 0 |
_aBibliotecas públicas y conducta lectora : _binvestigaciones / _cDirección General de Bibliotecas. |
| 260 |
_aMéxico : _bSEP, Dirección General de Bibliotecas, _c1989. |
||
| 300 |
_a147 p. : _bil., cuadros |
||
| 440 | 0 |
_aInvestigaciones ; _v2 |
|
| 650 | 4 |
_aBIBLIOTECAS PUBLICAS - _zMEXICO - _xINVESTIGACION _93058 |
|
| 650 | 4 |
_aLibros y lectura _95227 |
|
| 650 | 4 |
_aBibliotecas públicas _zMéxico _93056 |
|
| 905 | _aLibro | ||
| 999 |
_c5712 _d5712 |
||